| 000 | 00814cam a22002531 4500 | ||
|---|---|---|---|
| 001 | sa 66001940 | ||
| 003 | DLC | ||
| 005 | 20260227112226.0 | ||
| 008 | 901231s1963 ii 000 0 sano | ||
| 010 | _asa 66001940 | ||
| 025 | _aPL480:I-San-445 | ||
| 035 | _a(OCoLC)22913502 | ||
| 040 |
_aDLC _cWaU _dWaU _dDLC |
||
| 042 | _apremarc | ||
| 050 | 0 | 0 |
_aPK3798.S32 _bC3 1963 |
| 100 | 0 |
_aŚāhajī, _cKing of Tanjore, _dactive 1684-1712. |
|
| 245 | 1 | 0 |
_aChandrasekhara vilasa natakam, _cby Sahaji Maharaja. Edited by V. Sundara Sarma. |
| 260 |
_aThanjavur, _bO. A. Narayanaswami, Honorary Secretary, T. M. S. S. M. Library, _c1963. |
||
| 300 |
_a5, 21 p. _c25 cm. |
||
| 500 | _aIn Sanskrit. | ||
| 500 | _aAdded title: Candraśekharavilāsa. | ||
| 700 | 2 | _aSundara Sarma, V. | |
| 740 | 0 | _aCandraśekharavilāsa. | |
| 999 |
_c68082 _d68082 |
||